000 00801nam a2200193 a 4500
005 20240530063614.0
008 010702s1997 mx r 000 0 spa d
020 _a9684940793
035 _aUPN01000109083
049 _aCG
050 4 _aPQ6085
_bV4.5
245 0 0 _a24 poetas latinoamericanos :
_bBorges, Girondo, Cabral, Drummond, Mutis, Azofeifa, Guillén, Lezama, Lima, Huidobro, Neruda, Parra, Cardoza y Aragón, Pellicer, Paz, Sabines, Pasos, Cardenal, Vallejo, Sologuren, Palés Matos, Mir, Benedetti, Gerbasi, Montejo /
_cselec. y pról. Francisco Serrano
260 _aMéxico :
_bCIDCLI,
_c1997
300 _a254 p. :
_efots.
500 _a"Coedición latinoamericana"
650 4 _aPoesía Española
_ySiglo XX
_91243
700 1 _aSerrano, Francisco,
_d1949-
_ecomp.
_939021
905 _aLibro
999 _c82994
_d82994